Daňové špeciality v riešení praxe

Pokračovanie príspevku z predchádzajúceho čísla. Pojem, význam a druhy riadenia rizík. Manažment daňových rizík. Ilustračný príklad - správca dane veruus daňový poradca.

Guardado en:
Detalles Bibliográficos
Autor principal: Burák, Emil
Formato: Capítulo de libro
Lenguaje:eslovaco
Materias:
Etiquetas: Agregar Etiqueta
Sin Etiquetas, Sea el primero en etiquetar este registro!

MARC

LEADER 00000naa a2200000 4500
001 0246030
005 20221104112938.2
041 0 |a slo 
044 |a SK 
245 1 0 |a Daňové špeciality v riešení praxe  |c Emil Burák 
520 |a Pokračovanie príspevku z predchádzajúceho čísla. Pojem, význam a druhy riadenia rizík. Manažment daňových rizík. Ilustračný príklad - správca dane veruus daňový poradca. 
610 2 0 |a riadenie rizík 
610 2 0 |a kontrola daňová 
610 2 0 |a audit 
610 2 0 |a zdaňovanie 
610 2 0 |a riziko finančné 
610 2 0 |a rating 
100 1 |a Burák, Emil